Deja Vu - Olivia Rodrigo - Lyrics - Statistics

General Stats
  • This quiz has been taken 184 times
  • The average score is 240 of 293
Answer Stats
Lyrics % Correct
I
96%
you
95%
you?
95%
to
94%
A
93%
Do
93%
do
93%
deja
92%
vu
92%
vu?
92%
get
91%
did
90%
She
90%
she
90%
we
90%
when
90%
it
89%
on
89%
so
89%
So
89%
that
89%
That
89%
ice
88%
Strawberry
88%
be
87%
cream
87%
one
87%
think
87%
her
86%
Malibu
86%
she's
86%
with
86%
for
85%
in
85%
In
85%
know
85%
And
84%
and
84%
but
84%
tell
84%
the
84%
two
84%
all
83%
Car
83%
it's
83%
too?
83%
too
83%
spoon
82%
thinks
82%
was
82%
special
81%
your
81%
gonna
80%
love
79%
you're
79%
You're
79%
bet
78%
how
77%
rides
77%
looks
76%
Billy
75%
Girl
75%
girl
75%
our
75%
Cause
74%
jackets
74%
like
74%
reused
73%
say
73%
small
73%
who
73%
my
72%
Play
72%
singin'
72%
between
71%
Laughin'
71%
of
71%
place
71%
tradin'
71%
used
71%
first
70%
is
70%
jokes
70%
about
69%
act
69%
call
69%
friends
69%
hate
69%
Joel
69%
just
69%
same
69%
unique
69%
bout
68%
Don't
68%
knows
68%
name?
68%
together
68%
chorus
67%
found
67%
harmony
67%
Now
67%
now
67%
even
66%
played
66%
Played
66%
didn't
65%
doesn't
65%
made
65%
type
65%
Uptown
65%
verse
65%
honest
64%
kinda
64%
let's
64%
shit
64%
sound
64%
Bein'
63%
braggin'
63%
new
63%
show
63%
sayin'
62%
taught
62%
Watching
62%
actress
61%
talked
61%
annoying
60%
Glee
60%
piano
60%
Another
58%
nothing
57%
singing
57%
everything
56%
reruns
56%
Yeah
54%
songs
52%
there's
50%
different
47%
almost
46%
No matching quizzes found
Score Distribution
Percent of People with Each Score
Percentile by Number Answered
Your Score History
You have not taken this quiz